[Event "EUR-chT Seniors 65"]
[Site "Prague"]
[Date "2021.09.02"]
[Round "4.2"]
[White "Mueckan, Friedbert"]
[Black "Valtera, Jiri"]
[Result "1/2-1/2"]
[WhiteElo "1883"]
[BlackElo "1850"]
[PlyCount "52"]
[EventDate "2021.08.30"]
[EventType "team-swiss"]
[EventRounds "9"]
[EventCountry "CZE"]
[SourceTitle "CBM 204 Extra"]
[Source "ChessBase"]
[SourceDate "2021.11.30"]
[SourceVersion "1"]
[SourceVersionDate "2021.11.30"]
[SourceQuality "1"]
[WhiteTeam "Dresden Springer 65"]
[BlackTeam "Oldest Boys 65"]
[WhiteTeamCountry "GER"]
[BlackTeamCountry "CZE"]

1. e4 c5 2. Nf3 d6 3. d4 cxd4 4. Nxd4 Nf6 5. Nc3 a6 6. a4 Nc6 7. Be2 e6 8. Be3 Be7 9. Qd2 0-0 10. f3 Qc7 11. 0-0 Bd7 12. Nb3 Rac8 13. a5 Ne5 14. Bb6 Nc4 15. Bxc4 Qxc4 16. Rfd1 e5 17. Qf2 Bc6 18. Qf1 Qxf1+ 19. Kxf1 Bd7 20. Rd2 Be6 21. Nd5 Nxd5 22. exd5 Bf5 23. c3 Bd7 24. Kf2 f5 25. Rdd1 g5 26. Nd2 Bb5 1/2-1/2

[Event "EU-chT Seniors 15th"]
[Site "Dresden"]
[Date "2013.07.23"]
[Round "4"]
[White "Mueckan, Friedbert"]
[Black "Phillips, William"]
[Result "1/2-1/2"]
[WhiteElo "2042"]
[BlackElo "1932"]
[PlyCount "52"]
[EventDate "2013.07.20"]
[EventType "team-swiss"]
[EventRounds "9"]
[EventCountry "GER"]
[SourceTitle "CBM 155 Extra"]
[Source "ChessBase"]
[SourceDate "2013.08.26"]
[SourceVersion "1"]
[SourceVersionDate "2013.08.26"]
[SourceQuality "1"]
[WhiteTeam "Dresden Springer"]
[BlackTeam "England III"]
[WhiteTeamCountry "GER"]
[BlackTeamCountry "ENG"]

1. e4 g6 2. d4 Bg7 3. Bc4 c6 4. Bb3 d6 5. h3 Nf6 6. Nc3 0-0 7. Be3 Qc7 8. a4 e5 9. Nge2 Qe7 10. d5 c5 11. Qd2 Na6 12. f3 Nc7 13. Bh6 Bd7 14. Bg5 a6 15. a5 Nb5 16. h4 Qe8 17. Ng3 h5 18. Kf2 Kh7 19. Bc4 Ng8 20. Na4 f6 21. Be3 f5 22. Bg5 f4 23. Ne2 Bf6 24. Nb6 Rb8 25. c3 Qe7 26. Bxf6 Nxf6 1/2-1/2

[Event "EU-chT Seniors 15th"]
[Site "Dresden"]
[Date "2013.07.21"]
[Round "2"]
[White "Mueckan, Friedbert"]
[Black "Rantanen, Veikko J"]
[Result "1/2-1/2"]
[WhiteElo "2042"]
[BlackElo "1917"]
[PlyCount "99"]
[EventDate "2013.07.20"]
[EventType "team-swiss"]
[EventRounds "9"]
[EventCountry "GER"]
[SourceTitle "CBM 155 Extra"]
[Source "ChessBase"]
[SourceDate "2013.08.26"]
[SourceVersion "1"]
[SourceVersionDate "2013.08.26"]
[SourceQuality "1"]
[WhiteTeam "Dresden Springer"]
[BlackTeam "Turku"]
[WhiteTeamCountry "GER"]
[BlackTeamCountry "FIN"]

1. e4 e6 2. d4 d5 3. Nc3 Nf6 4. Bg5 Be7 5. e5 Nfd7 6. Bxe7 Qxe7 7. Nf3 a6 8. g3 c5 9. dxc5 Qxc5 10. Bg2 Nc6 11. 0-0 0-0 12. Re1 b5 13. a3 Bb7 14. Qd2 Rac8 15. Rac1 Nb6 16. Qf4 Nc4 17. Nd1 Ne7 18. Qd4 Ng6 19. Qc3 Rfd8 20. Qd3 h6 21. c3 Qc7 22. Qe2 Qb6 23. Ra1 a5 24. b3 Nxa3 25. Rxa3 b4 26. cxb4 Qxb4 27. Ra4 Qb6 28. h4 d4 29. h5 Ne7 30. Qd3 Ba6 31. Qb1 d3 32. Nd2 Rc2 33. Ra2 Rdc8 34. Ne3 R2c3 35. Rb2 Qd4 36. Nf3 Qb4 37. Rd1 Nd5 38. Nxd5 exd5 39. Nd2 Qd4 40. Nf3 Qb4 41. Nd2 Rc2 42. Nf1 Qd4 43. Rd2 Rc1 44. Qa2 R8c5 45. b4 Bc4 46. Qa4 Rb5 47. Qa3 Rc3 48. Qa4 Rc1 49. Kh2 Qxe5 50. f4 1/2-1/2

[Event "EU-chT Seniors 15th"]
[Site "Dresden"]
[Date "2013.07.20"]
[Round "1"]
[White "Ackermann, Hans Werner"]
[Black "Mueckan, Friedbert"]
[Result "1-0"]
[WhiteElo "2308"]
[BlackElo "2042"]
[PlyCount "99"]
[EventDate "2013.07.20"]
[EventType "team-swiss"]
[EventRounds "9"]
[EventCountry "GER"]
[SourceTitle "CBM 155 Extra"]
[Source "ChessBase"]
[SourceDate "2013.08.26"]
[SourceVersion "1"]
[SourceVersionDate "2013.08.26"]
[SourceQuality "1"]
[WhiteTeam "Germany"]
[BlackTeam "Dresden Springer"]
[WhiteTeamCountry "GER"]
[BlackTeamCountry "GER"]

1. b3 e5 2. Bb2 Nc6 3. e3 d6 4. Bb5 Bd7 5. d4 exd4 6. exd4 Qg5 7. Qe2+ Qe7 8. a3 a6 9. Bc4 Nf6 10. Nd2 Bf5 11. 0-0-0 d5 12. Bd3 Qxe2 13. Bxe2 0-0-0 14. Ngf3 Bd6 15. Ne5 Bxe5 16. dxe5 Ng4 17. Bxg4 Bxg4 18. Rde1 Be6 19. f4 Rhg8 20. Rhf1 g6 21. h3 Ne7 22. Nf3 h6 23. Bd4 b6 24. Bf2 Rde8 25. g4 c5 26. Bh4 Nc6 27. Bf6 d4 28. Nd2 Bd5 29. Rg1 b5 30. h4 Kd7 31. Rg3 Nd8 32. Rf1 Ne6 33. Rf2 Nf8 34. c4 Bb7 35. Rd3 Nh7 36. g5 Nxf6 37. gxf6 h5 38. b4 bxc4 39. Nxc4 Be4 40. Rd1 Rb8 41. Nd6 Bd5 42. bxc5 Rb3 43. Rxd4 Kc6 44. Rc2 Rgb8 45. Ra4 Rh3 46. Rxa6+ Kc7 47. Rd2 Rh1+ 48. Rd1 Rxd1+ 49. Kxd1 Be6 50. Kc2 1-0

[Event "GER-ch Seniors"]
[Site "Dresden"]
[Date "2012.08.16"]
[Round "8"]
[White "Limberg, Siegfried"]
[Black "Mueckan, Friedbert"]
[Result "1-0"]
[WhiteElo "2100"]
[BlackElo "2038"]
[PlyCount "37"]
[EventDate "2012.08.09"]
[EventType "swiss"]
[EventRounds "9"]
[EventCountry "GER"]
[SourceTitle "EXT 2014"]
[Source "ChessBase"]
[SourceDate "2013.11.20"]
[SourceVersion "1"]
[SourceVersionDate "2013.11.20"]
[SourceQuality "1"]

1. d4 e6 2. Nf3 d5 3. e3 Nf6 4. Bd3 Be7 5. Nbd2 0-0 6. Qe2 Nbd7 7. 0-0 c5 8. c3 a6 9. Ne5 Qc7 10. f4 Re8 11. g4 Nf8 12. g5 N6d7 13. Qh5 Nxe5 14. fxe5 Ng6 15. Rf3 Qd8 16. Rh3 Bxg5 17. Qxh7+ Kf8 18. Bxg6 fxg6 19. Rf3+ 1-0

[Event "GER-ch Seniors 21st"]
[Site "Dresden"]
[Date "2009.08.05"]
[Round "4"]
[White "Mueckan, Friedbert"]
[Black "Hottes, Dieter"]
[Result "1/2-1/2"]
[WhiteElo "2066"]
[BlackElo "2144"]
[PlyCount "103"]
[EventDate "2009.08.03"]
[EventType "swiss"]
[EventRounds "9"]
[EventCountry "GER"]
[SourceTitle "CBM 131 Extra"]
[Source "ChessBase"]
[SourceDate "2009.09.03"]
[SourceVersion "2"]
[SourceVersionDate "2009.09.16"]
[SourceQuality "1"]

1. e4 c6 2. d4 d5 3. e5 Bf5 4. Ne2 e6 5. Ng3 Bg6 6. Be2 c5 7. c3 Nc6 8. Bd3 Qb6 9. Ne2 Nge7 10. dxc5 Qxc5 11. Be3 Qa5 12. b4 Qc7 13. f4 Bxd3 14. Qxd3 Nf5 15. Bf2 Be7 16. 0-0 f6 17. b5 Nd8 18. b6 axb6 19. Qb5+ Qc6 20. Qxb6 fxe5 21. fxe5 Qxb6 22. Bxb6 Nc6 23. Nf4 Kd7 24. Nxd5 exd5 25. Rxf5 Ke6 26. Rf1 Ra6 27. Be3 Rha8 28. Nd2 Nxe5 29. Rae1 Kd7 30. Rb1 Kc6 31. Nb3 Nc4 32. Rf7 Bf6 33. Nd4+ Bxd4 34. Bxd4 b6 35. Rxg7 R8a7 36. Rxa7 Rxa7 37. Re1 Rxa2 38. Re6+ Kb5 39. Rh6 Ra7 40. h4 Rb7 41. g4 Nd2 42. Kg2 Kc4 43. g5 b5 44. Rc6+ Kd3 45. Bh8 b4 46. cxb4 Rxb4 47. Rc3+ Ke4 48. Rc7 Kf5 49. Rxh7 Ne4 50. Rd7 d4 51. Rd5+ Kg4 52. Rxd4 1/2-1/2

[Event "EU-chT Seniors 10th"]
[Site "Dresden"]
[Date "2008.02.19"]
[Round "9.4"]
[White "Mueckan, Friedbert"]
[Black "Hamm, Georg"]
[Result "1-0"]
[WhiteElo "2061"]
[BlackElo "2157"]
[PlyCount "109"]
[EventDate "2008.02.11"]
[EventType "team-swiss"]
[EventRounds "9"]
[EventCountry "GER"]
[SourceTitle "CBM 122 Extra"]
[Source "ChessBase"]
[SourceDate "2008.03.04"]
[SourceVersion "1"]
[SourceVersionDate "2008.03.04"]
[SourceQuality "1"]
[WhiteTeam "Sachsen"]
[BlackTeam "Sachsen Anhalt"]
[WhiteTeamCountry "GER"]
[BlackTeamCountry "GER"]

1. e4 g6 2. d4 Bg7 3. Nf3 c6 4. Be2 d6 5. 0-0 Nd7 6. c3 Ngf6 7. Qc2 Qc7 8. Na3 0-0 9. Bg5 h6 10. Bd2 a6 11. Nc4 e5 12. Bd3 Re8 13. Rfe1 b5 14. Na3 c5 15. Qc1 Kh7 16. d5 c4 17. Bb1 Nc5 18. h3 Rf8 19. Nh2 Qe7 20. Qd1 Nh5 21. Be3 Nd7 22. b3 cxb3 23. axb3 Bb7 24. c4 Nf4 25. Ra2 b4 26. Nc2 a5 27. Na1 Rfc8 28. Nc2 Qd8 29. Qd2 Qc7 30. Ra4 Rf8 31. Nf1 Kh8 32. Kh2 Nc5 33. Bxc5 Qxc5 34. Nce3 Bc8 35. Ng3 Bd7 36. Ra2 a4 37. Bc2 Rfb8 38. Rea1 Qd4 39. Qc1 h5 40. Qe1 a3 41. Rd1 Qb6 42. Ne2 Bh6 43. Ng1 h4 44. Nf3 Qd8 45. c5 dxc5 46. Nxe5 Be8 47. N3g4 Bg7 48. Qe3 Qg5 49. Nf3 Qh5 50. Qxf4 c4 51. d6 cxb3 52. Bxb3 Ba4 53. Rb1 Bb2 54. Raxb2 axb2 55. Nf6 1-0

[Event "EU-chT Seniors 10th"]
[Site "Dresden"]
[Date "2008.02.18"]
[Round "8.4"]
[White "Krueger, Gerhard"]
[Black "Mueckan, Friedbert"]
[Result "1/2-1/2"]
[WhiteElo "1978"]
[BlackElo "2061"]
[PlyCount "33"]
[EventDate "2008.02.11"]
[EventType "team-swiss"]
[EventRounds "9"]
[EventCountry "GER"]
[SourceTitle "CBM 122 Extra"]
[Source "ChessBase"]
[SourceDate "2008.03.04"]
[SourceVersion "1"]
[SourceVersionDate "2008.03.04"]
[SourceQuality "1"]
[WhiteTeam "Mecklenburg Vorpommern"]
[BlackTeam "Sachsen"]
[WhiteTeamCountry "GER"]
[BlackTeamCountry "GER"]

1. e4 e6 2. d4 d5 3. exd5 exd5 4. Bd3 Bd6 5. Ne2 Nf6 6. Bf4 0-0 7. 0-0 Nc6 8. c3 Ne7 9. Bxd6 Qxd6 10. Qc2 Ng6 11. Nd2 Re8 12. Rfe1 Bg4 13. f3 Bd7 14. Ng3 Qf4 15. Ndf1 Nh4 16. Qd2 Qxd2 17. Nxd2 1/2-1/2

[Event "EU-chT Seniors 09th"]
[Site "Dresden"]
[Date "2007.02.24"]
[Round "9"]
[White "Mueckan, Friedbert"]
[Black "Zanger, Konrad"]
[Result "1-0"]
[WhiteElo "2041"]
[BlackElo "1801"]
[PlyCount "79"]
[EventDate "2007.02.16"]
[EventType "team-swiss"]
[EventRounds "9"]
[EventCountry "GER"]
[SourceTitle "CBM 117 Extra"]
[Source "ChessBase"]
[SourceDate "2007.05.09"]
[SourceVersion "1"]
[SourceVersionDate "2007.05.09"]
[SourceQuality "1"]

1. e4 e5 2. Nf3 Nc6 3. Bb5 Nge7 4. 0-0 a6 5. Ba4 g6 6. c3 Bg7 7. d4 b5 8. Bb3 0-0 9. Bg5 h6 10. Bh4 d6 11. a4 Rb8 12. axb5 axb5 13. d5 g5 14. Bg3 b4 15. dxc6 bxc3 16. Nxc3 Nxc6 17. Rb1 Bg4 18. Bc4 Nd4 19. Be2 Bxf3 20. Bxf3 c6 21. Bh5 Rb7 22. Qd2 Qe7 23. Bd1 Rfb8 24. Na4 Qd7 25. f3 f5 26. Be1 Bf6 27. Kh1 Rf8 28. Bf2 Nb5 29. Bc2 f4 30. Rfd1 Be7 31. Nc5 Qc7 32. Nxb7 Qxb7 33. h3 Kg7 34. Kh2 h5 35. Ba4 Qd7 36. Bc5 g4 37. Bxb5 g3+ 38. Kh1 cxb5 39. Bxd6 Rd8 40. Bxe5+ 1-0

[Event "EU-chT Seniors 09th"]
[Site "Dresden"]
[Date "2007.02.19"]
[Round "4"]
[White "Mueckan, Friedbert"]
[Black "Titz, Herbert"]
[Result "1/2-1/2"]
[WhiteElo "2041"]
[BlackElo "2066"]
[PlyCount "41"]
[EventDate "2007.02.16"]
[EventType "team-swiss"]
[EventRounds "9"]
[EventCountry "GER"]
[SourceTitle "CBM 117 Extra"]
[Source "ChessBase"]
[SourceDate "2007.05.09"]
[SourceVersion "1"]
[SourceVersionDate "2007.05.09"]
[SourceQuality "1"]

1. e4 e5 2. Nf3 Nc6 3. Bb5 a6 4. Ba4 Nf6 5. 0-0 Be7 6. Re1 b5 7. Bb3 0-0 8. c3 d6 9. h3 Na5 10. Bc2 c5 11. d4 Qc7 12. d5 Ne8 13. Nbd2 c4 14. Nf1 Nb7 15. Ng3 g6 16. Bh6 Ng7 17. Qd2 f6 18. Nh2 Nd8 19. Qe2 Nf7 20. Bd2 Bd7 21. Ng4 1/2-1/2

[Event "EU-chT Seniors 07th"]
[Site "Dresden"]
[Date "2005.02.24"]
[Round "7"]
[White "Reinholz, Siegfried"]
[Black "Mueckan, Friedbert"]
[Result "1/2-1/2"]
[WhiteElo "2098"]
[BlackElo "2051"]
[PlyCount "32"]
[EventDate "2005.02.18"]
[EventType "team-swiss"]
[EventRounds "8"]
[EventCountry "GER"]
[SourceTitle "EXT 2006"]
[Source "ChessBase"]
[SourceDate "2005.11.24"]
[SourceVersion "1"]
[SourceVersionDate "2005.11.24"]
[SourceQuality "1"]

1. e4 e6 2. d4 d5 3. Nc3 Bb4 4. exd5 exd5 5. Bd3 Qe7+ 6. Qe2 c6 7. Bg5 Qxe2+ 8. Ngxe2 Ne7 9. 0-0 0-0 10. Ng3 h6 11. Bxe7 Bxe7 12. f4 Bf6 13. Nce2 Bg4 14. c3 Bxe2 15. Bxe2 Nd7 16. Bf3 Rfe8 1/2-1/2

[Event "EU-chT Seniors 07th"]
[Site "Dresden"]
[Date "2005.02.20"]
[Round "3"]
[White "Taksrud, Vidar"]
[Black "Mueckan, Friedbert"]
[Result "1-0"]
[WhiteElo "2025"]
[BlackElo "2051"]
[PlyCount "106"]
[EventDate "2005.02.18"]
[EventType "team-swiss"]
[EventRounds "8"]
[EventCountry "GER"]
[SourceTitle "EXT 2006"]
[Source "ChessBase"]
[SourceDate "2005.11.24"]
[SourceVersion "1"]
[SourceVersionDate "2005.11.24"]
[SourceQuality "1"]

1. d4 Nf6 2. Nf3 g6 3. g3 Bg7 4. Bg2 d5 5. 0-0 0-0 6. c4 c6 7. Nc3 Na6 8. Ne5 Nc7 9. h3 Be6 10. c5 Nd7 11. Nxd7 Qxd7 12. Kh2 Ne8 13. e3 Nf6 14. Bd2 h5 15. f4 Bf5 16. b4 Rfb8 17. Qe2 Kh7 18. Rfc1 Rd8 19. Be1 Qc8 20. a4 Qd7 21. Ra2 Rdb8 22. b5 Qc8 23. Rb2 Kg8 24. a5 Kh7 25. Rb4 cxb5 26. Rxb5 Qc6 27. Qb2 Bd3 28. Rb4 Ba6 29. Qc2 e6 30. Rcb1 Rd8 31. R1b2 Rac8 32. Bf3 Kg8 33. Qg2 Qc7 34. Ra4 Qc6 35. Ra1 Rb8 36. g4 hxg4 37. hxg4 Kf8 38. Bh4 Rd7 39. Qg3 Ra8 40. f5 Ke8 41. g5 Ne4 42. Bxe4 dxe4 43. f6 Bf8 44. Qe5 Bd6 45. cxd6 Qxc3 46. Raa2 Qxe3 47. Rc2 Qb3 48. Rab2 Qa3 49. Bg3 Bd3 50. d5 Bxc2 51. dxe6 Rxd6 52. exf7+ Kd7 53. Qe7+ Kc6 1-0

[Event "GER-chT Seniors 13th"]
[Site "Dresden"]
[Date "2004.08.07"]
[Round "7"]
[White "Koksch, Guenther"]
[Black "Mueckan, Friedbert"]
[Result "1/2-1/2"]
[WhiteElo "2137"]
[BlackElo "2040"]
[PlyCount "51"]
[EventDate "2004.08.01"]
[EventType "team"]
[EventRounds "7"]
[EventCountry "GER"]
[SourceTitle "CBM 103 Extra"]
[Source "ChessBase"]
[SourceDate "2005.01.01"]
[SourceVersion "1"]
[SourceVersionDate "2005.01.01"]
[SourceQuality "1"]

1. e3 d5 2. f4 Nf6 3. Nf3 e6 4. b3 Bd6 5. Bb2 0-0 6. Be2 Nbd7 7. 0-0 b6 8. Ne5 c5 9. Qe1 Ne8 10. Bg4 f5 11. Bh5 Ndf6 12. Bf3 Qc7 13. Na3 a6 14. Rc1 Bb7 15. c4 Qe7 16. d3 Rd8 17. Qh4 Rc8 18. h3 Nc7 19. g4 Rcd8 20. Rf2 Nfe8 21. Qg3 Nf6 22. Rg2 Nce8 23. Kh2 Rb8 24. Rcg1 fxg4 25. hxg4 Nd7 26. Nc2 1/2-1/2

[Event "EU-chT Seniors 06th"]
[Site "Dresden"]
[Date "2004.02.26"]
[Round "5.4"]
[White "Fehres, Werner"]
[Black "Mueckan, Friedbert"]
[Result "1/2-1/2"]
[WhiteElo "2042"]
[BlackElo "2079"]
[PlyCount "87"]
[EventDate "2004.02.22"]
[EventType "team-swiss"]
[EventRounds "7"]
[EventCountry "GER"]
[SourceTitle "CBM 099 Extra"]
[Source "ChessBase"]
[SourceDate "2004.05.04"]
[SourceVersion "1"]
[SourceVersionDate "2004.05.04"]
[SourceQuality "1"]
[WhiteTeam "Hessen II"]
[BlackTeam "Sachsen"]
[WhiteTeamCountry "GER"]
[BlackTeamCountry "GER"]

1. e4 e6 2. d4 d5 3. e5 c5 4. Bb5+ Nc6 5. Bxc6+ bxc6 6. Ne2 Ba6 7. c3 Qb6 8. dxc5 Bxc5 9. 0-0 Qc7 10. Re1 Ne7 11. b4 Bb6 12. Nd4 0-0 13. a4 Qd7 14. Ba3 Rfc8 15. a5 Bc7 16. Nb3 Bb5 17. Nc5 Qe8 18. Nd2 Ng6 19. Nf3 Qe7 20. Qd4 Bd8 21. Bc1 h6 22. g3 Kh7 23. Kg2 Rc7 24. h4 Qf8 25. Qd1 Qe8 26. Qc2 Kg8 27. Be3 Nf8 28. Rad1 Be7 29. Qd2 Nd7 30. Qd4 Nxc5 31. bxc5 Qf8 32. Qg4 Kh8 33. Qd4 Rb8 34. Nd2 Ba6 35. Rb1 Rcb7 36. Rb4 Rb5 37. Nb3 Qd8 38. Rb1 Qc7 39. f4 Qb7 40. Nd2 Qc7 41. Nb3 R8b7 42. Qd2 Qb8 43. Nd4 Rxb4 44. cxb4 1/2-1/2

[Event "EU-chT Seniors 06th"]
[Site "Dresden"]
[Date "2004.02.24"]
[Round "3.4"]
[White "Neumann, Horst"]
[Black "Mueckan, Friedbert"]
[Result "1/2-1/2"]
[WhiteElo "2019"]
[BlackElo "2079"]
[PlyCount "95"]
[EventDate "2004.02.22"]
[EventType "team-swiss"]
[EventRounds "7"]
[EventCountry "GER"]
[SourceTitle "CBM 099 Extra"]
[Source "ChessBase"]
[SourceDate "2004.05.04"]
[SourceVersion "1"]
[SourceVersionDate "2004.05.04"]
[SourceQuality "1"]
[WhiteTeam "Koblenz Mattadore"]
[BlackTeam "Sachsen"]
[WhiteTeamCountry "GER"]
[BlackTeamCountry "GER"]

1. d4 e6 2. Nf3 Nf6 3. Bg5 Be7 4. e3 d5 5. Nbd2 Nbd7 6. Bd3 0-0 7. 0-0 c5 8. c3 b6 9. Qe2 Bb7 10. Ba6 Bxa6 11. Qxa6 h6 12. Bh4 g5 13. Bg3 Nh5 14. Ne5 Nxe5 15. Bxe5 f6 16. Bg3 Ng7 17. Qd3 Qe8 18. f3 h5 19. Rae1 h4 20. Bf2 Qh5 21. Qe2 Rae8 22. e4 f5 23. dxc5 bxc5 24. Nb3 fxe4 25. fxe4 Qxe2 26. Rxe2 c4 27. Nd4 Bc5 28. exd5 exd5 29. Rfe1 Kf7 30. Rxe8 Rxe8 31. Rxe8 Nxe8 32. Nf3 Bxf2+ 33. Kxf2 Kf6 34. Ke3 Nc7 35. Kd4 Ne6+ 36. Kxd5 Nf4+ 37. Kxc4 Nxg2 38. Kb5 g4 39. Ng1 Nf4 40. c4 Ke6 41. Kc6 Nd3 42. b3 Nb4+ 43. Kb7 Nxa2 44. c5 Nb4 45. c6 Nxc6 46. Kxc6 Ke5 47. b4 Kd4 48. Ne2+ 1/2-1/2

[Event "Hoeckendorf op"]
[Site "Hoeckendorf"]
[Date "2004.02.04"]
[Round "6"]
[White "Seidel, Thomas"]
[Black "Mueckan, Friedbert"]
[Result "1-0"]
[WhiteElo "1936"]
[BlackElo "2051"]
[PlyCount "87"]
[EventDate "2004.01.30"]
[EventType "swiss"]
[EventRounds "9"]
[EventCountry "GER"]
[SourceTitle "EXT 2008"]
[Source "ChessBase"]
[SourceDate "2007.11.25"]
[SourceVersion "1"]
[SourceVersionDate "2007.11.25"]
[SourceQuality "1"]

1. e4 e6 2. d4 d5 3. exd5 exd5 4. Bd3 Bd6 5. Ne2 Nf6 6. 0-0 0-0 7. Bf4 Bg4 8. f3 Bh5 9. Qd2 Re8 10. Bxd6 Qxd6 11. Nbc3 c6 12. Nf4 Bg6 13. Nxg6 hxg6 14. Rae1 Nbd7 15. Nd1 Nh5 16. g3 Nf8 17. Kg2 Ne6 18. c3 Re7 19. Nf2 Rae8 20. Nh3 b6 21. Re2 b5 22. Rfe1 a6 23. Re5 Nf6 24. R1e2 Nd7 25. R5e3 c5 26. dxc5 Qxc5 27. b4 Qb6 28. Kh1 Ndf8 29. Qe1 d4 30. cxd4 Qxd4 31. Ng5 Nxg5 32. Rxe7 Qxd3 33. Rxe8 Qxf3+ 34. Rg2 Nh3 35. Re3 Qd5 36. Qf1 Ne6 37. Qf3 Qd4 38. Re1 Neg5 39. Qa8+ Kh7 40. Rge2 Qxb4 41. Re8 Kh6 42. Rh8+ Nh7 43. Qe8 Qd2 44. Qe3+ 1-0

[Event "GER-chT Seniors 12th"]
[Site "Finsterbergen"]
[Date "2003.08.13"]
[Round "4.3"]
[White "Mueckan, Friedbert"]
[Black "Mueller, Klaus2222"]
[Result "1-0"]
[WhiteElo "2116"]
[BlackElo "1894"]
[PlyCount "65"]
[EventDate "2003.08.10"]
[EventType "team"]
[EventRounds "7"]
[EventCountry "GER"]
[SourceTitle "EXT 2012"]
[Source "ChessBase"]
[SourceDate "2011.11.24"]
[SourceVersion "1"]
[SourceVersionDate "2011.11.24"]
[SourceQuality "1"]
[WhiteTeam "Sachsen"]
[BlackTeam "Brandenburg II"]
[WhiteTeamCountry "GER"]
[BlackTeamCountry "GER"]

1. e4 c5 2. Nf3 d6 3. d4 cxd4 4. Nxd4 Nf6 5. Nc3 a6 6. Be2 e6 7. 0-0 Be7 8. Be3 0-0 9. a4 b6 10. Bf3 Nfd7 11. Qd2 Ne5 12. Be2 Bb7 13. f4 Nec6 14. Nf3 Nd7 15. Rab1 Nf6 16. Nd4 Qc7 17. Nxc6 Bxc6 18. Bf3 Rfd8 19. Qf2 Rab8 20. Rbd1 Ne8 21. b3 b5 22. axb5 axb5 23. Ne2 Nf6 24. Ng3 Rdc8 25. Ra1 d5 26. e5 Ne4 27. Bxe4 dxe4 28. f5 Qxe5 29. Bf4 e3 30. Bxe3 Ra8 31. Bd4 Qd5 32. fxe6 Rxa1 33. Qxf7+ 1-0

[Event "GER-chT Seniors 12th"]
[Site "Finsterbergen"]
[Date "2003.08.10"]
[Round "1.3"]
[White "Jentsch, Dieter"]
[Black "Mueckan, Friedbert"]
[Result "1-0"]
[WhiteElo "2234"]
[BlackElo "2116"]
[PlyCount "49"]
[EventDate "2003.08.10"]
[EventType "team"]
[EventRounds "7"]
[EventCountry "GER"]
[SourceTitle "EXT 2012"]
[Source "ChessBase"]
[SourceDate "2011.11.24"]
[SourceVersion "1"]
[SourceVersionDate "2011.11.24"]
[SourceQuality "1"]
[WhiteTeam "Niedersachsen"]
[BlackTeam "Sachsen"]
[WhiteTeamCountry "GER"]
[BlackTeamCountry "GER"]

1. e4 e6 2. d4 d5 3. e5 c5 4. c3 Qc7 5. Nf3 Bd7 6. Bd3 c4 7. Bc2 b5 8. 0-0 a5 9. a3 a4 10. Ng5 h5 11. Qf3 Bc8 12. Nh7 Be7 13. Qxh5 g6 14. Bxg6 fxg6 15. Qxg6+ Kd7 16. Qg7 Rxh7 17. Qxh7 Qd8 18. f4 Kc6 19. Rf3 Bd7 20. g4 Na6 21. Nd2 Nc7 22. Nf1 Qf8 23. f5 Bd8 24. Kg2 Qe8 25. f6 1-0

[Event "EU-chT Seniors 05th"]
[Site "Dresden"]
[Date "2003.02.26"]
[Round "4.2"]
[White "Farrand, Julian"]
[Black "Mueckan, Friedbert"]
[Result "1-0"]
[WhiteElo "2002"]
[BlackElo "1938"]
[PlyCount "35"]
[EventDate "2003.02.23"]
[EventType "team-swiss"]
[EventRounds "7"]
[EventCountry "GER"]
[SourceTitle "EXT 2005"]
[Source "ChessBase"]
[SourceDate "2004.11.15"]
[SourceVersion "1"]
[SourceVersionDate "2004.11.15"]
[SourceQuality "1"]

1. d4 c5 2. d5 e6 3. Nc3 d6 4. e4 e5 5. f4 exf4 6. Bxf4 Qf6 7. Qd2 a6 8. a4 h6 9. Nf3 g5 10. Bg3 Nd7 11. Be2 Ne5 12. 0-0 Qe7 13. Nxe5 dxe5 14. Bh5 Qd6 15. Rxf7 Kd8 16. Bxe5 Qxe5 17. Rxf8+ Ke7 18. Re8+ 1-0